Gandharvi: Life of a musician: Translated from Bengali (Record no. 25463)

MARC details
000 -LEADER
fixed length control field 00517nam a2200181Ia 4500
008 - FIXED-LENGTH DATA ELEMENTS--GENERAL INFORMATION
fixed length control field 230917s9999||||xx |||||||||||||| ||und||
020 ## - ISBN
Price RS525
040 ## - CATALOGING SOURCE
-- 244951
Original cataloging agency VIVEKANANDA LIBRARY
041 ## - Language
-- English
082 ## - DDC NUMBER
Classification number 829.443 B299G:S
100 ## - MAIN ENTRY--PERSONAL NAME
Personal name Basu, Bani
245 #0 - TITLE STATEMENT
Title Gandharvi: Life of a musician: Translated from Bengali
250 ## - EDITION STATEMENT
Edition statement latest edition/print ed.
260 ## - PUBLICATION, DISTRIBUTION, ETC. (IMPRINT)
Place of publication, distribution, etc Telangana
Name of publisher, distributor, etc Orient Blackswan
Date of publication, distribution, etc 2017
300 ## - PHYSICAL DESCRIPTION
Pages xix, 267 p.
500 ## - GENERAL NOTE
General note 3008 23/01/2018 HBD18/7219 13/02/2018 Main Budget
942 ## - ADDED ENTRY ELEMENTS (KOHA)
Koha item type Books
Holdings
Withdrawn status Lost status Damaged status Not for loan Location (home branch) Sublocation or collection (holding branch) Date acquired Koha issues (times borrowed) Koha full call number Accession No. Koha date last seen Koha item type
        VIVEKANANDA LIBRARY VIVEKANANDA LIBRARY 27/04/2018   829.443 B299G:S 368724 17/09/2023 Books
© Designed and Maintained by Vivekananda Library, MDU Rohtak